|
|
|
|
| LEADER |
01436nam a2200409Ia 4500 |
| 001 |
EBC3382490 |
| 003 |
MiAaPQ |
| 005 |
20200520144314.0 |
| 006 |
m o d | |
| 007 |
cr cn||||||||| |
| 008 |
111005s1998 enka sb 001 0 eng d |
| 020 |
|
|
|z 1780260717
|
| 020 |
|
|
|z 9781780260716
|
| 020 |
|
|
|z 9781780260723
|
| 035 |
|
|
|a (MiAaPQ)EBC3382490
|
| 035 |
|
|
|a (Au-PeEL)EBL3382490
|
| 035 |
|
|
|a (CaPaEBR)ebr10627403
|
| 035 |
|
|
|a (CaONFJC)MIL911115
|
| 035 |
|
|
|a (OCoLC)923311263
|
| 040 |
|
|
|a MiAaPQ
|c MiAaPQ
|d MiAaPQ
|
| 050 |
|
4 |
|a HB523
|b .D67 1998
|
| 100 |
1 |
|
|a Dorling, Daniel.
|
| 245 |
1 |
4 |
|a The no-nonsense guide to equality
|h [electronic resource] /
|c Denny Dorling.
|
| 246 |
3 |
0 |
|a Guide to equality
|
| 260 |
|
|
|a Oxford :
|b New Internationalist,
|c 1998.
|
| 300 |
|
|
|a 176 p. :
|b ill.
|
| 490 |
1 |
|
|a No-nonsense guide
|
| 504 |
|
|
|a Includes bibliographical references and index.
|
| 533 |
|
|
|a Electronic reproduction. Ann Arbor, MI : ProQuest, 2015. Available via World Wide Web. Access may be limited to ProQuest affiliated libraries.
|
| 650 |
|
0 |
|a Income distribution.
|
| 650 |
|
0 |
|a Distributive justice.
|
| 655 |
|
4 |
|a Electronic books.
|
| 700 |
1 |
|
|a Pickett, Kate.
|
| 700 |
1 |
|
|a Wilkinson, Richard.
|
| 710 |
2 |
|
|a ProQuest (Firm)
|
| 830 |
|
0 |
|a No-nonsense guides (New Internationalist Publications (Firm))
|
| 856 |
4 |
0 |
|u https://ebookcentral.proquest.com/lib/matrademy/detail.action?docID=3382490
|z Click to View
|